000 00386nam a2200169Ia 4500
008 230711s9999||||xx |||||||||||||| ||und||
020 _a978-93-325-5853-3
041 _aENG
082 _a541.28
_bLE-Q
100 _aLevine,Ira N
245 0 _aQuantum Chemistry
250 _a7th . Ed.
260 _c2016
_aNew Delhi
_bPearson
300 _a706p.
650 _aChemistry
942 _cBK
999 _c5443
_d5443